EUROFI 2017: Trendy a výzvy pro bankovní industrii

Stretnutie ministrov financií a guvernérov centrálnych bánk členských krajín EÚ na Malte. Globálny pohľad na reguláciu vytvárania jednotného trhu finančných služieb. Výzvy do budúcnosti.

Gespeichert in:
Bibliographische Detailangaben
1. Verfasser: Procházka, Petr
Format: Buchkapitel
Sprache:Tschechisch
Schlagworte:
Tags: Tag hinzufügen
Keine Tags, Fügen Sie das erste Tag hinzu!

MARC

LEADER 00000naa a2200000 4500
001 0233568
005 20221104110413.5
041 0 |a cze 
044 |a CZ 
245 1 0 |a EUROFI 2017: Trendy a výzvy pro bankovní industrii  |c Petr Procházka 
520 |a Stretnutie ministrov financií a guvernérov centrálnych bánk členských krajín EÚ na Malte. Globálny pohľad na reguláciu vytvárania jednotného trhu finančných služieb. Výzvy do budúcnosti. 
610 2 0 |a bankovníctvo 
610 2 0 |a banky centrálne 
610 2 0 |a inštitúcie finančné 
610 2 0 |a služby finančné 
610 2 0 |a služby bankové 
610 2 0 |a Európska únia 
610 2 0 |a spolupráca medzinárodná 
100 1 |a Procházka, Petr